Analýza Petriho sietí

Na minha lista:
Detalhes bibliográficos
Autor principal: Rajnič, František (Author)
Outros Autores: Ševčíková, Zuzana (Thesis advisor)
Formato: Manuscrito Livro
Idioma:eslovaco
Publicado em: 2016
Assuntos:
Acesso em linha:http://is.stuba.sk/zp/portal_zp.pl?podrobnosti=110987
Tags: Adicionar Tag
Sem tags, seja o primeiro a adicionar uma tag!

MARC

LEADER 00000ntm a22000003a 4500
001 stuzp55881
003 SK-STU
005 20160831102934.2
007 ta
008 150427s2015----xo-----f-mn---000-0-slo-d
040 |a STU  |b slo 
041 0 |a slo 
044 |a xo 
100 1 |a Rajnič, František  |u 035000  |4 aut  |U FEI Fakulta elektrotechniky a informatiky  |T FEI Ústav informatiky a matematiky  |X 64215  |U E050  |Y 816  |7 64215 
242 0 1 |a Analysis of Petri nets  |y eng 
245 1 0 |a Analýza Petriho sietí 
260 |c 2016 
300 |a 36 s.,  |b CD-ROM 
650 4 |a Coverability  |2 eng 
650 4 |a Petri Nets  |2 eng 
650 4 |a Android  |2 eng 
650 4 |a Reachability  |2 eng 
650 4 |a Petriho Sieť  |2 slo 
650 4 |a Pokrytie  |2 slo 
650 4 |a Dosiahnuteľnosť  |2 slo 
650 4 |a Android  |2 slo 
700 1 |a Ševčíková, Zuzana  |u 035000  |k Z8  |4 ths  |U FEI Fakulta elektrotechniky a informatiky  |T FEI Ústav informatiky a matematiky  |X 42609  |U E050  |Y 816  |7 A000042609 
856 4 |u http://is.stuba.sk/zp/portal_zp.pl?podrobnosti=110987 
996 |b 284ER02236  |c E*Bc- 2236  |l EE35  |s P  |a 0  |w stuzp55881_0001 
SQL |a stuzp55881  |b DBP  |c SLO  |d Analýza Petriho sietí  |e 64215  |f Rajnič, František  |g 035000  |h 42609  |i Ševčíková, Zuzana  |j 20160707  |k 73  |l 03  |m http://is.stuba.sk/zp/portal_zp.pl?podrobnosti=110987  |n B-API  |o 9.2.9. aplikovaná informatika